| 000 -CABECERA |
| Longitud fija campo de control |
01262nam a22001937a 4500 |
| 003 - IDENTIFICADOR DEL NÚMERO DE CONTROL |
| Identificador del número de control |
OSt |
| 005 - FECHA Y HORA DE LA ÚLTIMA TRANSACCIÓN |
| Fecha y hora de la última transacción |
20140917135110.0 |
| 008 - CÓDIGOS DE INFORMACIÓN DE LONGITUD FIJA |
| Códigos de información de longitud fija |
130614s2011 sp ||||| |||| 00| 0 spa d |
| 020 ## - NÚMERO INTERNACIONAL NORMALIZADO PARA LIBROS |
| Número Internacional Normalizado para Libros (ISBN) |
9788495400680 |
| 040 ## - FUENTE DE LA CATALOGACIÓN |
| Centro transcriptor |
CDMR |
| Lengua de catalogación |
cat |
| 245 10 - MENCIÓN DE TÍTULO |
| Título |
Crònica d'un país |
| Resto del título |
: 15 articles imprescindibles |
| Mención de responsabilidad, etc. |
Josep Maria Casasús |
| 260 ## - PUBLICACIÓN, DISTRIBUCIÓN, ETC. (PIE DE IMPRENTA) |
| Lugar de publicación, distribución, etc. |
Barcelona |
| Nombre del editor, distribuidor, etc. |
Dèria |
| Fecha de publicación, distribución, etc. |
2011 |
| 300 ## - DESCRIPCIÓN FÍSICA |
| Extensión |
179 p. |
| 500 ## - NOTA GENERAL |
| Nota general |
Conté: La ciutat del perdò / Joan Maragall ; Vint-i-viut hores en transmisèria / Carles Sentís ; Esto acabará mal / Gaziel ; L'oasi català / Antoni Rovira i Virgili ; Ens calen cançons d'ara / Lluís Serrahima ; La burguesía catalana / Josep Maria de Sagarra ; Declaracions de l'abat Escarré / José Antonio Novais ; Un país sense política / Joan Fuster ; ¿Dos generaciones? / Jordi -Garcia-Soler ; Una nació sense estat, un poble sense llengua? / Els Marges ; Barcelona és el Titanic / Féliz d'Azúa ; García Trevijano / José Luis de Vilallonga ; Plantem cara / Joan Solà ; Sang nova al Palau / Antoni Serra Ramoneda ; La dignitat de Catalunya / editorial de 12 diaris catalans |
| 650 04 - PUNTO DE ACCESO ADICIONAL DE MATERIA - TÉRMINO DE MATERIA |
| 9 (RLIN) |
3166 |
| Término de materia o nombre geográfico como elemento inicial |
Catalunya |
| Subdivisión de materia general |
Història |
| Subdivisión de forma |
Recull d'escrits |
| 650 04 - PUNTO DE ACCESO ADICIONAL DE MATERIA - TÉRMINO DE MATERIA |
| 9 (RLIN) |
3247 |
| Término de materia o nombre geográfico como elemento inicial |
Catalunya |
| Subdivisión de materia general |
Política |
| Subdivisión de forma |
Recull d'escrits |
| 700 1# - PUNTO DE ACCESO ADICIONAL - NOMBRE DE PERSONA |
| 9 (RLIN) |
799 |
| Nombre de persona |
Casasús, Josep Maria |
| 942 ## - ENTRADA DE ELEMENTOS AGREGADOS (KOHA) |
| Fuente de clasificaión o esquema |
|
| Koha [por defecto] tipo de item |
Monografies |